| 000 | 01694cad a22002415a 4500 | ||
|---|---|---|---|
| 001 | L150240 | ||
| 008 | 100616s2010 xxk f 000 0 eng d | ||
| 020 | _a9781869839963 | ||
| 035 | _a(Sirsi) u150240 | ||
| 041 | 0 | _aeng | |
| 050 | 0 | 4 | _a306.1 $2 18 |
| 110 | 2 |
_aBuilding Societies Association _91731 |
|
| 245 | 0 | 0 |
_aReforming the homebuyer and selling process _bIndustry and professionals' views on the future direction of home buying reform in England _h[electronic resource] |
| 260 |
_aLondon _bBSA _c2010 |
||
| 505 | 2 | _aMarket statistics -- List of attendees -- Explaining the challenges -- Putting consumers first -- Improving the quality of information provision and advice - Strengthening professional standards -- A simplified system that works all -- Empowering consumers -- Recommendations | |
| 520 | _aRepresentatives from legal and conveyancing sectors, estate agents, chartered surveyors and consumer bodies met to discuss the future of home buying and selling in England. Traces its history focusing on relevant legisation including Estate Agents Act 1979 and HIPs. Highlights issues for consumers. RICS represented by David Dalby Director of Residential Professional Group and David Ellis Associate Director. HIPS withdrawn in May 2010 between the meeting being held in April 2010 and publication in June 2010. | ||
| 590 | _aKA NTK | ||
| 651 | 4 |
_aEngland _y886- |
|
| 690 | _aPROPERTY-RESIDENTIAL PROPERTY-ACQUISITION AND DISPOSAL OF RESIDENTIAL PROPERTY-HOME BUYING REFORM | ||
| 700 | 1 |
_aGhani, Amir _eEditor |
|
| 856 | 4 | 8 |
_uhttps://www.bsa.org.uk/bsa/media/migrateddocuments/publications/home_buying_reform/ _z View this item free of charge at www.bsa.org.uk |
| 942 | _n0 | ||
| 999 |
_c110803 _d110803 |
||